[Event "VIE-ch U11"]
[Site "Ho Chi Minh City"]
[Date "2014.07.15"]
[Round "5"]
[White "Huynh, Phuong Quang"]
[Black "Bui, Huy Hoang"]
[Result "1-0"]
[WhiteElo "1933"]
[BlackElo "1980"]
[PlyCount "57"]
[EventDate "2014.07.13"]
[EventType "swiss"]
[EventRounds "9"]
[EventCountry "VIE"]
[SourceTitle "EXT 2016"]
[Source "ChessBase"]
[SourceDate "2015.10.08"]
[SourceVersion "1"]
[SourceVersionDate "2015.10.08"]
[SourceQuality "1"]

1. e4 e6 2. Nc3 d5 3. Nf3 Nf6 4. exd5 exd5 5. d4 Bb4 6. Bd3 0-0 7. 0-0 Bxc3 8. bxc3 Re8 9. Re1 Rxe1+ 10. Qxe1 Bg4 11. Qe2 Qe8 12. h3 Bxf3 13. Qxe8+ Nxe8 14. gxf3 Nc6 15. Bd2 Nf6 16. Kh2 Re8 17. Rg1 g6 18. Bh6 Kh8 19. a4 Ng8 20. Be3 Nf6 21. Bh6 Ng8 22. Be3 Nf6 23. Bg5 Ng8 24. Be3 Nf6 25. Rb1 Na5 26. Rb5 c6 27. Rxa5 Ra8 28. c4 Nd7 29. c5 1-0